000 00522 a2200145 4500
999 _c7855
_d7855
020 _a1870941837
050 _aHF 5548.4 WES 1991
100 _aWest, Colston
_eauthor
245 _aSpreadsheets for business students :
_ban active learning approach : for Lotus 1-2-3 release 2.0 and later ; VP-Planner and VP-Planner Plus ; As-Easy-As
_cColston West
264 _aLondon :
_bDP Publications,
_c1991
300 _aviii, 168 p. :
_bill.
500 _aIncludes index
650 _a Software
942 _2lcc
_cBK
_h5548.4
_iWES
_kHF